Trenerzy Interu Mediolan - nagła śmierć - Statystyki

Ogólne statystyki
  • Ten quiz został rozwiązany 121 razy
  • Średni wynik to 6 z 12
Answers on the Grid
Answers color-coded by a green-red scale on the quiz's grid according to % correct below.
José Mourinho
Pep Guardiola
Simone Inzaghi
Diego Simeone
Alex Ferguson
Roberto Mancini
Carlo Ancelotti
Antonio Conte
Arsene Wenger
Zinédine Zidane
Rafael Benítez
Marcello Lippi
Waldemar Fornalik
Cristian Chivu
Massimiliano Allegri
Hansi Flick
Luciano Spalletti
Stefano Pioli
Jürgen Klopp
Claudio Ranieri
Ottmar Hitzfeld
Gian Piero Gasperini
Roy Hodgson
Clarence Seedorf
 
Statystyki odpowiedzi
Odpowiedź % Poprawnych
José Mourinho
89%
Simone Inzaghi
84%
Roberto Mancini
69%
Antonio Conte
67%
Cristian Chivu
54%
Luciano Spalletti
42%
Marcello Lippi
39%
Stefano Pioli
38%
Claudio Ranieri
33%
Gian Piero Gasperini
29%
Rafael Benítez
26%
Roy Hodgson
17%
Nie znaleziono quizów pasujących do podanych kryteriów
Rozkład punktacji
Procent ludzi z każdym wynikiem
Percentyl według liczby udzielonych odpowiedzi
Twoja historia wyników
Nie rozwiązałeś tego quizu